Miniaturizované elektrochemické senzory ako účinné prostriedky na stanovenie nesteroidných protizápalových látok

Salvato in:
Dettagli Bibliografici
Autore principale: Slišková, Nina (Autore)
Altri autori: Švorc, Ľubomír (Relatore della tesi)
Natura: Manoscritto Libro
Lingua:slovacco
Pubblicazione: 2025
Soggetti:
Accesso online:http://is.stuba.sk/zp/portal_zp.pl?podrobnosti=183365
Tags: Aggiungi Tag
Nessun Tag, puoi essere il primo ad aggiungerne!!

MARC

LEADER 00000ntm a22000003a 4500
001 stuzp103948
003 SK-STU
005 20250607210413.5
007 ta
008 150427s2015----xo-----f-mn---000-0-slo-d
040 |a STU  |b slo 
041 0 |a slo 
100 1 |a Slišková, Nina  |u 041000  |4 aut  |U FCHPT Fakulta chemickej a potravinárskej technológie  |T FCHPT Ústav analytickej chémie  |X 110538  |U C1000  |Y 99  |7 110538 
242 0 1 |a Miniaturized electrochemical sensors as efficient tools for the determination of nonsteroidal anti-inflammatory substances  |y eng 
245 1 0 |a Miniaturizované elektrochemické senzory ako účinné prostriedky na stanovenie nesteroidných protizápalových látok 
260 |c 2025 
650 4 |a screen-printed carbon electrode  |2 eng 
650 4 |a ibuprofen  |2 eng 
650 4 |a square-wave voltammetry  |2 eng 
650 4 |a differential pulse voltammetry  |2 eng 
650 4 |a 3D printed electrode  |2 eng 
650 4 |a štvorcovovlnová voltampérometria  |2 slo 
650 4 |a diferenčná pulzová voltampérometria  |2 slo 
650 4 |a ibuprofén  |2 slo 
650 4 |a 3D tlačená elektróda  |2 slo 
650 4 |a sieťotlačená uhlíková elektróda  |2 slo 
700 1 |a Švorc, Ľubomír  |u 041000  |k Z1  |4 ths  |U FCHPT Fakulta chemickej a potravinárskej technológie  |T FCHPT Ústav analytickej chémie  |X 19350  |U C1000  |Y 99  |7 A000019350 
856 4 |u http://is.stuba.sk/zp/portal_zp.pl?podrobnosti=183365